000 01142cam a2200229 4500
001 B224
008 090401t1984 xxu||||| |||| 00| 0 eng d
035 _a(Sirsi) u34425
041 _aeng
050 _a690.24
110 _aBuilding Maintenance Cost Information Service
_91702
245 _aUsing and maintaining buildings :transactions of a one-day seminar...held at the Royal Institution of Chartered Surveyors ,London on Friday,23 September,1983
260 _aKingston upon Thames
_bBMCIS
_c1984
300 _a19p. ; 30cm.
350 _a0
490 _aBMCIS Serial
_v128
520 _aPapers by Wyldbore-Smith,M.A. , Jones,J.Aubrey , Pearce,D.F. Morgan,G.H. Papers:-The managing agent`s function.-Effective utilisation of office space.- Energy and building.-The role of the building administration manager. This item is part of a subscription service and cannot be photocopied, neither can any part of it be read out over the phone. Please contact BMI direct on 0171-222-7000 for details.
650 _aBUILT ENVIRONMENT-BUILDING MAINTENANCE AND REFURBISHMENT
650 _aMANAGING AGENTS
942 _n0
948 _c04/03/1997
999 _c89945
_d89945